[Event "Druzynowe Mistrzostw Polski Juniorow - II Liga"]
[Site "Wroclaw"]
[Date "1899-12-30"]
[Round "9.7"]
[White "Grzesik, Gracjan"]
[Black "Haliniak, Wojciech"]
[Result "1/2-1/2"]
[WhiteTitle "k"]
[BlackTitle "I"]
[WhiteElo "2218"]
[BlackElo "1827"]

1. c4 e5 2. Nc3 Nc6 3. Nf3 f5 4. d4 e4 5. Ng5 Bb4 6. Nh3 d6 7. e3 Bxc3+ 8. bxc3
Nf6 9. Nf4 g5 10. Nh5 O-O 11. c5 d5 12. Nxf6+ Qxf6 13. h4 gxh4 14. Qh5 Ne7 15.
Rxh4 Rf7 16. g3 Ng6 17. Rh1 b6 18. Ba3 Qc6 19. Qd1 bxc5 20. Bxc5 Ne5 21. dxe5
Qxc5 22. Qd4 Qa5 23. Qb4 Qb6 24. Rd1 Be6 25. Rh6 Re8 26. Qxb6 cxb6 27. Bb5 Ree7
28. Kd2 Bc8 29. Bc6 Rxe5 30. Rd6 Bb7 31. Bxb7 Rxb7 32. Kc2 Kf7 33. Rh1 Ke8 34.
Rh5 Rf7 35. Kb3 d4 36. exd4 Rb5+ 37. Kc2 Ra5 38. Kb3 Rb5+ 39. Kc2 Ra5 40. Kb3
Rb5+ 41. Kc2 Ra5 42. Kb3 Rb5+ 1/2-1/2

[Event "Druzynowe Mistrzostw Polski Juniorow - II Liga"]
[Site "Wroclaw"]
[Date "1899-12-30"]
[Round "9.8"]
[White "Smetek, Michal"]
[Black "Bochniak, Franciszek"]
[Result "1/2-1/2"]
[WhiteTitle "I+"]
[BlackTitle "I+"]
[WhiteElo "1735"]
[BlackElo "1664"]

1. d4 Nf6 2. c4 e6 3. g3 Bb4+ 4. Bd2 Be7 5. Bg2 d5 6. Nf3 O-O 7. O-O b6 8. cxd5
exd5 9. Nc3 Bb7 10. Rc1 Nbd7 11. Bg5 a6 12. Qd3 Ne4 13. Bf4 Rc8 14. Ne5 Nxe5 15.
Bxe5 f5 16. e3 Bd6 17. f3 Nxc3 18. Rxc3 Qe7 19. f4 g6 20. Rfc1 Qe6 21. b4 b5 22.
Qc2 c6 23. Qb3 Rfd8 24. a4 Be7 25. a5 Qf7 26. Kf2 Qf8 27. Rb1 Bd6 28. Bxd6 Qxd6
29. h4 Kg7 30. Bf3 h5 31. Rbc1 1/2-1/2

[Event "Druzynowe Mistrzostw Polski Juniorow - II Liga"]
[Site "Wroclaw"]
[Date "1899-12-30"]
[Round "9.9"]
[White "Sliz, Karol"]
[Black "Leszczewicz, Karol"]
[Result "1-0"]
[WhiteTitle "II+"]
[BlackTitle "I+"]
[WhiteElo "1615"]
[BlackElo "1519"]

1. e4 c5 2. Nf3 a6 3. c4 Nc6 4. d4 cxd4 5. Nxd4 Nf6 6. Nc3 e5 7. Nf5 d5 8. cxd5
Bxf5 9. exf5 Nd4 10. Bd3 Be7 11. O-O Nxd5 12. Be4 Nxc3 13. bxc3 Nc6 14. Qf3 Qc7
15. Rb1 Rc8 16. Be3 Nd8 17. Rb3 b5 18. Rd1 O-O 19. f6 Bxf6 20. Qf5 Re8 21. Rd7
g6 22. Rxc7 gxf5 23. Rxc8 fxe4 24. Bb6 Kf8 25. a4 bxa4 26. Ra3 e3 27. Bxe3 Re6
28. Rxa4 Ke8 29. Ra8 Rd6 30. g3 Rc6 31. R4xa6 Kd7 32. Kg2 e4 33. Bd4 Rxa6 34.
Rxa6 Bxd4 35. cxd4 Nc6 36. d5 Ne5 37. Ra4 Kd6 38. Rxe4 Kxd5 39. Rh4 Ng6 40. Rxh7
Ke6 41. f4 Ne7 42. Rh8 Kf6 43. Ra8 Kg7 44. Kf3 Nf5 45. Ke4 Nh6 46. h3 f6 47. Ra7+
Kg6 48. g4 Ng8 49. h4 Kh6 50. g5+ fxg5 51. hxg5+ Kg6 52. f5+ Kxg5 53. Rg7+ 1-0

[Event "Druzynowe Mistrzostw Polski Juniorow - II Liga"]
[Site "Wroclaw"]
[Date "1899-12-30"]
[Round "9.10"]
[White "Krogulski, Maksymilian"]
[Black "Lonski, Aleksander"]
[Result "0-1"]
[WhiteTitle "I"]
[BlackTitle "II"]
[WhiteElo "1584"]
[BlackElo "1517"]

1. e4 c5 2. Nf3 g6 3. c3 Bg7 4. Bd3 d5 5. exd5 Qxd5 6. Bc2 Nc6 7. O-O Nf6 8. d4
O-O 9. dxc5 Qxc5 10. Be3 Qh5 11. h3 Be6 12. Nbd2 Nd5 13. Bg5 Rad8 14. Qe1 h6 15.
Bh4 Ne5 16. Nxe5 Bxe5 17. Nf3 Bd6 18. Qe4 Nf4 19. Bd1 Qc5 20. Qe3 Qc6 21. Bb3
Bxb3 22. axb3 g5 23. Bg3 Bc5 24. Qe5 Rd5 25. Qe4 Rd6 26. Qxc6 Rxc6 27. Bxf4 gxf4
28. Ne5 Rc7 29. Nc4 b5 30. Na5 Bb6 31. b4 Rd8 32. Nb3 Rcd7 33. Rfe1 f6 34. Kf1
Kf7 35. Ke2 e5 36. f3 Rd3 37. Rad1 Re3+ 38. Kf1 Rxe1+ 39. Rxe1 Rd3 40. Ke2 Re3+
41. Kd2 Rxe1 42. Kxe1 f5 43. Ke2 Ke6 44. Kd3 Kd5 45. Nd2 Be3 46. Nb3 Bb6 47. Nd2
Be3 48. Nb1 e4+ 49. fxe4+ fxe4+ 50. Ke2 Bb6 51. Na3 a6 52. b3 h5 53. c4+ bxc4
54. bxc4+ Kd4 55. c5 Bxc5 56. bxc5 Kxc5 57. Kd2 Kd4 58. Nc2+ Kc4 59. Ne1 h4 60.
Nc2 a5 61. Na3+ Kb3 62. Nb5 a4 63. Kc1 a3 64. Kb1 a2+ 65. Ka1 Kc2 66. Nd4+ Kd3
67. Nf5 f3 68. gxf3 exf3 69. Nxh4 f2 70. Nf3 f1=Q+ 71. Ne1+ Qxe1+ 72. Kxa2 Kc2
73. Ka3 0-1

[Event "Druzynowe Mistrzostw Polski Juniorow - II Liga"]
[Site "Wroclaw"]
[Date "1899-12-30"]
[Round "9.11"]
[White "Grzesik, Nikola"]
[Black "Zybrant, Sandra"]
[Result "1-0"]
[WhiteTitle "I"]
[BlackTitle "I"]
[WhiteElo "1452"]
[BlackElo "1354"]

1. c4 Nf6 2. Nc3 e6 3. d4 d5 4. cxd5 exd5 5. Bg5 Be7 6. e3 c6 7. Bd3 h6 8. Bh4
O-O 9. Nge2 Re8 10. O-O Nbd7 11. Qc2 Nf8 12. Rac1 Bg4 13. Bf5 Bxf5 14. Qxf5 Qd7
15. Qd3 Ne6 16. Bg3 Bd6 17. Na4 Rab8 18. Nc5 Nxc5 19. dxc5 Bxg3 20. Nxg3 Ne4 21.
Nxe4 Rxe4 22. Rfd1 Qc7 23. Qa3 a5 24. g3 b6 25. cxb6 Qxb6 26. Qc5 Qxc5 27. Rxc5
Rxb2 28. Rxc6 Rxa2 29. Rxd5 Rb4 30. Rd8+ Kh7 31. Rd7 f5 32. Rcc7 Rg4 33. Rf7 Rg5
34. h4 Rg6 35. Rxf5 a4 36. Ra7 a3 37. h5 Rg5 38. Rfa5 Ra1+ 39. Kg2 a2 40. Rxg5
hxg5 41. Kf3 Rh1 42. Rxa2 Rxh5 43. Kg4 g6 44. Ra7+ Kg8 45. f3 Kf8 46. Ra5 Kf7
47. Rxg5 Rh8 48. Ra5 Re8 49. e4 Re6 50. Kg5 Kg7 51. e5 Kf7 52. f4 Kg7 53. Ra7+
Kf8 54. Rd7 1-0

[Event "Druzynowe Mistrzostw Polski Juniorow - II Liga"]
[Site "Wroclaw"]
[Date "1899-12-30"]
[Round "9.12"]
[White "Malicka, Magdalena"]
[Black "Sliwicka, Weronika"]
[Result "0-1"]
[WhiteTitle "I"]
[BlackTitle "I"]
[WhiteElo "1271"]
[BlackElo "1281"]

1. e4 c5 2. Nf3 e6 3. d4 cxd4 4. Nxd4 a6 5. c4 Qc7 6. Nc3 Nf6 7. Be2 Bb4 8. Qd3
d6 9. a3 Bxc3+ 10. bxc3 Nbd7 11. Qg3 Qa5 12. Bd2 Qe5 13. Qxe5 dxe5 14. Nb3 Nxe4
15. O-O Nxd2 16. Nxd2 Nc5 17. Bf3 f5 18. g3 O-O 19. Rfd1 e4 20. Be2 Bd7 21. Rab1
Ba4 22. Re1 Rfd8 23. Nf1 Nd3 24. Bxd3 exd3 25. Nd2 Bc6 26. Rxe6 Re8 27. Rbe1 Kf7
28. Rxe8 Bxe8 29. Nf3 Rd8 30. Rd1 Kf6 31. Nd4 Rc8 32. Rxd3 Rxc4 33. Kf1 Ra4 34.
Rf3 g6 35. Nc2 Bc6 36. Re3 Be4 37. Nd4 Rxa3 38. g4 Ra1+ 39. Ke2 Rh1 40. gxf5 Bxf5
41. Nxf5 Kxf5 42. h3 Kg5 43. Re7 Rxh3 44. Rxb7 Rxc3 45. Rxh7 a5 46. Ra7 Ra3 47.
Kd2 a4 48. Ra6 Ra1 49. Kc2 a3 50. Kd2 a2 51. Ke2 Kf4 52. Ra4+ Ke5 53. Kf3 g5 54.
Ke2 g4 55. Ra5+ Kd4 56. Ra4+ Kc3 57. Ra3+ Kb2 58. Ra8 Rc1 59. Rb8+ Ka1 60. Kd2
Rb1 61. Rg8 Rb2+ 62. Kc1 Rb4 63. Kc2 Rf4 64. Kc1 Rc4+ 65. Kd1 Kb2 66. Rb8+ Ka3
0-1

[Event "Druzynowe Mistrzostw Polski Juniorow - II Liga"]
[Site "Wroclaw"]
[Date "1899-12-30"]
[Round "9.13"]
[White "Zabron, Maksym"]
[Black "Kaliszuk, Kamil"]
[Result "1/2-1/2"]
[WhiteTitle "I++"]
[BlackTitle "k"]
[WhiteElo "1947"]
[BlackElo "2088"]

1. d4 d5 2. c4 e6 3. Nc3 Nf6 4. Nf3 dxc4 5. e3 a6 6. a4 Bb4 7. Bxc4 c5 8. O-O cxd4
9. exd4 O-O 10. Qe2 h6 11. Rd1 Nbd7 12. d5 exd5 13. Nxd5 Nxd5 14. Bxd5 Qe7 15.
Qxe7 Bxe7 16. Bxb7 Bxb7 17. Rxd7 Rfd8 18. Rxe7 Rd1+ 19. Re1 Bxf3 20. Rxd1 Bxd1
21. Bxh6 Rd8 22. Be3 Bxa4 23. b4 Rd1+ 24. Rxd1 Bxd1 25. f4 f5 26. Kf2 Kf7 27.
Bc5 Ba4 28. g3 Bb5 29. Bd4 Ba4 30. Bc5 Bb5 31. Bd4 Ba4 1/2-1/2

[Event "Druzynowe Mistrzostw Polski Juniorow - II Liga"]
[Site "Wroclaw"]
[Date "1899-12-30"]
[Round "9.14"]
[White "Czernecki, Andrzej"]
[Black "Pisarek, Jan"]
[Result "0-1"]
[WhiteTitle "I"]
[BlackTitle "I"]
[WhiteElo "1876"]
[BlackElo "1832"]

1. e4 b6 2. d4 Bb7 3. Bd3 e6 4. Ne2 c5 5. O-O cxd4 6. Nxd4 Nc6 7. Nxc6 dxc6 8.
Qe2 Qc7 9. a4 a5 10. Be3 Nf6 11. Nd2 Nd7 12. Qg4 h5 13. Qe2 Bc5 14. f4 O-O-O 15.
e5 Bxe3+ 16. Qxe3 Nc5 17. Nc4 Kb8 18. Nd6 g6 19. b4 axb4 20. a5 Rxd6 21. axb6
Qxb6 22. exd6 Rd8 23. Kh1 Nd7 24. Qe2 Nf6 25. h3 Nd5 26. Qe5 c5 27. d7+ Qc7 28.
Bb5 Nc3 29. Ba6 Rxd7 30. Ra5 Qxe5 31. fxe5 Bxa6 32. Rxa6 Kb7 33. Rd6 Rxd6 34.
Rxf7+ Kc6 35. exd6 Kxd6 36. Kg1 Ne2+ 37. Kf1 Nd4 38. Rf2 e5 39. Ke1 e4 40. Kd2
Ke5 41. g4 Nf3+ 42. Ke3 h4 43. Rf1 Ng5 44. Rh1 Ne6 45. c4 bxc3 46. Rc1 Nf4 47.
Ra1 Nd3 0-1

[Event "Druzynowe Mistrzostw Polski Juniorow - II Liga"]
[Site "Wroclaw"]
[Date "1899-12-30"]
[Round "9.15"]
[White "Duda, Leon"]
[Black "Wandor, Adam"]
[Result "1/2-1/2"]
[WhiteTitle "I"]
[BlackTitle "II"]
[WhiteElo "1562"]
[BlackElo "1571"]

1. e4 c5 2. Nf3 Nc6 3. Bb5 g6 4. Nc3 Bg7 5. d3 d6 6. e5 d5 7. d4 Bg4 8. Bf4 e6
9. dxc5 Qc7 10. O-O Bxf3 11. Qxf3 Nge7 12. Rfe1 O-O 13. Bxc6 Nxc6 14. Nb5 Qa5
15. Qb3 a6 16. Nd6 Qxc5 17. Nxb7 Qe7 18. Nd6 Nxe5 19. Bxe5 Bxe5 20. Rxe5 Qxd6
21. Re2 Rab8 22. Qc3 Rfc8 23. Qf6 Qd8 24. Qxd8+ Rxd8 25. c3 Rdc8 26. Kf1 Kf8 27.
Rd1 Rc4 28. f3 Rb5 29. Rd4 Rxd4 30. cxd4 Rb4 31. Rd2 Ke7 32. Ke2 f6 33. Ke3 Rc4
34. f4 Rc1 35. g3 Kd7 36. a3 Kc6 37. Kd3 Kb6 38. Re2 Rc6 39. b3 Kb7 40. Kd2 Kc7
41. Re3 Kd7 42. Rc3 Rb6 43. b4 Rb5 44. Rc5 Rxc5 45. bxc5 Kc6 46. a4 a5 47. Kd3
e5 48. fxe5 fxe5 49. Ke3 e4 50. g4 g5 51. Kxe4 1/2-1/2

[Event "Druzynowe Mistrzostw Polski Juniorow - II Liga"]
[Site "Wroclaw"]
[Date "1899-12-30"]
[Round "9.16"]
[White "Osinski, Maksymilian"]
[Black "Stanik, Szymon"]
[Result "1/2-1/2"]
[WhiteTitle "II"]
[BlackTitle "II"]
[WhiteElo "1329"]
[BlackElo "1249"]

1. e4 c5 2. Nf3 e6 3. d4 cxd4 4. Nxd4 a6 5. Bd3 Nc6 6. Nxc6 dxc6 7. O-O e5 8. a4
Bd6 9. Qe2 Nf6 10. Nd2 O-O 11. Nc4 Bc7 12. a5 Be6 13. Bd2 Bxc4 14. Bxc4 Qe7 15.
Rfd1 h6 16. Bc3 Rad8 17. f3 Rxd1+ 18. Rxd1 Qc5+ 19. Kf1 Bxa5 20. Bxa5 Qxa5 21.
Qd2 Qb6 22. Qc3 Re8 23. b4 Qc7 24. b5 axb5 25. Bxb5 Rd8 26. Rxd8+ Qxd8 27. Bd3
Qc7 28. Qa1 g6 29. Qa7 Kg7 30. Ke2 Qd7 31. Qc5 Qc7 32. Qa7 Ne8 33. Qa8 Nd6 34.
Qa1 f6 35. Qc3 c5 36. Bc4 Nxc4 37. Qxc4 Qc6 1/2-1/2

[Event "Druzynowe Mistrzostw Polski Juniorow - II Liga"]
[Site "Wroclaw"]
[Date "1899-12-30"]
[Round "9.17"]
[White "Pisarek, Elzbieta"]
[Black "Egeman, Emilia"]
[Result "0-1"]
[WhiteTitle "I++"]
[BlackTitle "I++"]
[WhiteElo "1804"]
[BlackElo "1852"]

1. e4 c5 2. Nf3 d6 3. c3 Nd7 4. d4 g6 5. Bd3 Bg7 6. O-O Qc7 7. Qe2 e5 8. dxe5 dxe5
9. a4 Ngf6 10. Na3 a6 11. Nc4 b6 12. Rd1 O-O 13. Bc2 Bb7 14. Nd6 Bc6 15. h3 Ne8
16. Nxe8 Rfxe8 17. b3 Nf8 18. Be3 Ne6 19. g3 Qb7 20. Nd2 b5 21. f3 Kh8 22. Qf2
Qe7 23. h4 h6 24. Kg2 Rf8 25. Kh2 f5 26. axb5 axb5 27. Rxa8 Bxa8 28. exf5 gxf5
29. f4 exf4 30. Bxf4 Nxf4 31. Qxf4 Qe2+ 0-1

[Event "Druzynowe Mistrzostw Polski Juniorow - II Liga"]
[Site "Wroclaw"]
[Date "1899-12-30"]
[Round "9.18"]
[White "Kaminska, Zuzanna"]
[Black "Gajda, Anna"]
[Result "1-0"]
[WhiteTitle "I"]
[BlackTitle "II"]
[WhiteElo "1201"]
[BlackElo "1073"]

1. e4 e5 2. Nf3 Nf6 3. Nxe5 d6 4. Nf3 Nxe4 5. Nc3 Nf6 6. d4 d5 7. Bd3 Bd6 8. h3
h6 9. Be3 Be6 10. Qd2 Nc6 11. Nh2 g5 12. Ng4 Nxg4 13. hxg4 Qf6 14. Bb5 O-O-O 15.
Bxc6 bxc6 16. Qe2 Rhe8 17. O-O-O Re7 18. Rh3 Rde8 19. Rdh1 Rh8 20. Qd2 Bf4 21.
Bxf4 gxf4 22. f3 Ree8 23. Ne2 Rh7 24. Qxf4 Qxf4+ 25. Nxf4 Reh8 26. Nxe6 fxe6 27.
Kd2 Kd7 28. Ke3 Ke7 29. b4 Kf6 30. Kf4 Kg6 31. Re1 Rf7+ 32. Kg3 Re8 33. Re5 Rh7
34. f4 Ree7 35. a3 Rhf7 36. c3 Rh7 37. Kf2 Rhf7 38. Rf3 Kf6 39. Rh3 Kg6 40. Kf3
Rh7 41. Rhh5 Kf6 42. f5 exf5 43. Rhxf5+ Kg6 44. Rxe7 Rxe7 45. Re5 Rf7+ 46. Ke2
Kf6 47. Re8 Rg7 48. Kf3 Re7 49. Rxe7 Kxe7 50. Kf4 Kf6 51. g3 a6 52. a4 Kg6 53.
g5 hxg5+ 54. Kg4 Kf6 55. Kh5 Kf5 56. a5 Ke4 57. Kxg5 Kd3 58. Kf4 Kxc3 59. Ke3
Kxb4 60. g4 Kxa5 61. g5 Kb4 62. g6 Kb3 63. g7 a5 64. g8=Q a4 65. Kd2 a3 66. Qb8+
Ka2 67. Kc2 1-0

[Event "Druzynowe Mistrzostw Polski Juniorow - II Liga"]
[Site "Wroclaw"]
[Date "1899-12-30"]
[Round "9.19"]
[White "Kolodziejski, Piotr"]
[Black "Owoc, Jakub"]
[Result "1/2-1/2"]
[WhiteTitle "k"]
[BlackTitle "I"]
[WhiteElo "2107"]
[BlackElo "1756"]

1. e4 c6 2. c4 d5 3. cxd5 cxd5 4. exd5 a6 5. Nc3 Nf6 6. Qa4+ Bd7 7. Qb3 Qc7 8.
d4 Bf5 9. g3 Nbd7 10. Bf4 Qb6 11. Nge2 Ne4 12. Bg2 Qxb3 13. axb3 Nd6 14. O-O g6
15. Rfe1 O-O-O 16. b4 Nb6 17. Rec1 Kd7 18. b5 axb5 19. Be5 Bh6 20. f4 Rhe8 21.
Be4 Ra8 22. Bxf5+ gxf5 23. Rxa8 Nxa8 24. Bxd6 exd6 25. Kf2 Nc7 26. b4 Ra8 27.
Rb1 Bg7 28. Ke1 Bf6 29. Kd2 h6 30. Kc2 Ke7 31. Kb2 Kd7 32. Rd1 h5 33. Kc2 Ke7
34. Kb2 Kd7 35. Rd2 Ra7 36. Kb1 Ra8 37. Rb2 Ra3 38. Kc2 Ra1 39. Rb1 Ra3 40. Kb2
Ra8 41. Rd1 Ke7 42. Ra1 Ra6 43. Rxa6 bxa6 44. Kc2 Kf8 45. Kd3 Kg7 46. Nc1 Kh6
47. h4 1/2-1/2

[Event "Druzynowe Mistrzostw Polski Juniorow - II Liga"]
[Site "Wroclaw"]
[Date "1899-12-30"]
[Round "9.20"]
[White "Krupinski, Mikolaj"]
[Black "Kejna, Piotr"]
[Result "0-1"]
[WhiteTitle "I"]
[BlackTitle "CM"]
[WhiteElo "1747"]
[BlackElo "1970"]

1. e4 e6 2. d4 d5 3. Nd2 Be7 4. Bd3 Nf6 5. e5 Nfd7 6. c3 c5 7. Ne2 Nc6 8. O-O g5
9. Bb1 a5 10. Qa4 b5 11. Qxb5 Ncxe5 12. dxe5 Ba6 13. Qa4 Bxe2 14. Re1 Ba6 15.
c4 d4 16. Be4 Ra7 17. Nb3 O-O 18. Qxa5 Qb8 19. Qd2 Bxc4 20. Na5 Nxe5 21. Nxc4
Nxc4 22. Qc2 Qb4 23. Bxh7+ Kg7 24. Re2 f5 25. Rxe6 Kxh7 26. Qe2 Rf7 27. Bxg5 Bf8
28. Qh5+ Kg8 29. Bf6 Rh7 30. Qg6+ Rag7 31. Bxg7 Rxg7 32. Qxf5 Qxb2 33. Rae1 Ne3
34. R6xe3 dxe3 35. Qe6+ Rf7 36. Qxe3 Qxa2 37. h4 Qd5 38. Qe4 Qxe4 39. Rxe4 Bg7
40. f4 Bd4+ 41. Kf1 Ra7 42. g4 Kf7 43. h5 Ra2 44. g5 Rf2+ 45. Ke1 Rh2 46. h6 Kg6
47. Re8 Rh4 0-1

[Event "Druzynowe Mistrzostw Polski Juniorow - II Liga"]
[Site "Wroclaw"]
[Date "1899-12-30"]
[Round "9.21"]
[White "Komendecki, Antoni"]
[Black "Piatek, Szymon"]
[Result "1-0"]
[WhiteTitle "I++"]
[BlackTitle "II"]
[WhiteElo "1880"]
[BlackElo "1322"]

1. e4 c5 2. Nf3 Nc6 3. d4 cxd4 4. Nxd4 g6 5. Nc3 Bg7 6. Be3 Nf6 7. Bc4 O-O 8. Bb3
d6 9. f3 Bd7 10. Qd2 a6 11. O-O-O b5 12. Nd5 Nxd5 13. Bxd5 Qc7 14. h4 Rac8 15.
Bxc6 Bxc6 16. h5 Bd7 17. g4 b4 18. Qh2 f6 19. hxg6 hxg6 20. Qh7+ Kf7 21. Rh6 Rg8
22. Rxg6 e5 23. Bh6 exd4 24. Rxg7+ Rxg7 25. Qxg7+ Ke6 26. Rd2 d3 27. g5 fxg5 28.
Bxg5 Bb5 29. Qf6+ Kd7 30. Qf7+ Kc6 31. Qxc7+ Rxc7 32. cxd3 Kc5 33. Rc2+ Kb6 34.
Bd8 1-0

[Event "Druzynowe Mistrzostw Polski Juniorow - II Liga"]
[Site "Wroclaw"]
[Date "1899-12-30"]
[Round "9.22"]
[White "Gruca, Karol"]
[Black "Karaszewski, Gabriel"]
[Result "0-1"]
[WhiteTitle "II"]
[BlackTitle "II"]
[WhiteElo "1346"]
[BlackElo "1560"]

1. e4 c5 2. Nf3 d6 3. d4 cxd4 4. Nxd4 Nf6 5. Nc3 a6 6. Rg1 e5 7. Nb3 Be6 8. Bg5
Be7 9. f3 h6 10. Be3 h5 11. Qd2 Nbd7 12. O-O-O Rc8 13. h3 b5 14. Kb1 Nb6 15. Na5
Nc4 16. Bxc4 Qxa5 17. Bb3 Bc4 18. Bxc4 Rxc4 19. Nd5 Qxd2 20. Rxd2 Nxd5 21. Rxd5
Kd7 22. b3 Rc6 23. Rgd1 Ke6 24. f4 exf4 25. Bxf4 g6 26. g3 Rhc8 27. R1d2 Rc5 28.
h4 Rxd5 29. exd5+ Kf5 30. Rf2 Kg4 31. Rf1 Rc5 32. Rd1 Bf8 33. Rd4 Kf3 34. Kc1
Bg7 35. Rd3+ Ke4 36. Bxd6 Rxd5 37. Rxd5 Kxd5 38. Bf4 Be5 39. Bxe5 Kxe5 40. Kd2
Ke4 41. Ke2 b4 42. Kd2 Kd4 43. Kd1 Kc3 44. Kc1 f6 45. Kb1 g5 46. a4 a5 47. hxg5
fxg5 48. g4 hxg4 49. Ka2 Kxc2 50. Ka1 g3 51. Ka2 g2 52. Ka1 g1=Q+ 53. Ka2 Qb1#
0-1

[Event "Druzynowe Mistrzostw Polski Juniorow - II Liga"]
[Site "Wroclaw"]
[Date "1899-12-30"]
[Round "9.23"]
[White "Szachniewicz, Weronika"]
[Black "Szopa, Emilia"]
[Result "0-1"]
[WhiteTitle "I"]
[BlackTitle "I++"]
[WhiteElo "1305"]
[BlackElo "1816"]

1. e4 c5 2. Nf3 Nc6 3. d4 cxd4 4. Nxd4 Nf6 5. Nc3 e5 6. Ndb5 d6 7. Bg5 a6 8. Na3
b5 9. Nd5 Be7 10. Bxf6 Bxf6 11. Nxf6+ Qxf6 12. c3 O-O 13. Be2 Qg6 14. O-O Ne7
15. Re1 f5 16. Bd3 f4 17. f3 Bh3 18. Qd2 Rf6 19. Nc2 Qg5 20. Bf1 Rd8 21. c4 Ng6
22. cxb5 Nh4 23. Qf2 Rg6 24. Re2 Nxg2 25. Kh1 Qh5 26. bxa6 Nh4 27. Bxh3 Nxf3 28.
Bf5 Rh6 29. h3 d5 30. Kg2 dxe4 31. Bg4 Rg6 32. Kf1 Rxg4 33. Qxf3 exf3 34. hxg4
Qh1+ 35. Kf2 Qg2+ 36. Ke1 Qg1# 0-1

[Event "Druzynowe Mistrzostw Polski Juniorow - II Liga"]
[Site "Wroclaw"]
[Date "1899-12-30"]
[Round "9.24"]
[White "Pajak, Patrycja"]
[Black "Miklosz, Malgorzata"]
[Result "1-0"]
[WhiteTitle "I"]
[BlackTitle "I"]
[WhiteElo "1078"]
[BlackElo "1255"]

1. e4 c5 2. a3 e6 3. b4 cxb4 4. axb4 Bxb4 5. c3 Be7 6. Qg4 g6 7. d4 f5 8. exf5
exf5 9. Qd1 d5 10. Nf3 Nc6 11. Bd3 Nf6 12. O-O O-O 13. Na3 Ne4 14. Bb2 Be6 15.
Qe2 Rc8 16. Rac1 Bf7 17. Qc2 Nb4 18. Qe2 Na2 19. Ra1 Naxc3 20. Bxc3 Nxc3 21. Qb2
b6 22. Nb5 Nxb5 23. Bxb5 Rc7 24. Ne5 Be8 25. Rfc1 Bxb5 26. Qxb5 Rxc1+ 27. Rxc1
Bf6 28. Nc6 Qd7 29. h3 Kg7 30. Ra1 Ra8 31. Ra6 Bg5 32. Ra2 Bf6 33. Ra4 Bd8 34.
Ra6 h6 35. Kh1 g5 36. g3 h5 37. f3 f4 38. g4 hxg4 39. hxg4 Kf8 40. Qb4+ Be7 41.
Ne5 Qb7 42. Qb5 Rc8 43. Qa4 Ra8 44. Nd7+ Kf7 45. Ne5+ Kg7 46. Nc6 b5 47. Qa2 b4
48. Rxa7 Rxa7 49. Nxa7 b3 50. Qb2 Ba3 51. Qe2 Qxa7 52. Qe5+ Kf8 53. Qh8+ Kf7 54.
Qh7+ Kf6 55. Qxa7 b2 56. Qb6+ Ke7 57. Kg1 Kd7 58. Kf1 Ke7 59. Ke1 Kd7 60. Kd1
Ke7 61. Kc2 Kd7 62. Qb3 Be7 63. Qxd5+ 1-0

[Event "Druzynowe Mistrzostw Polski Juniorow - II Liga"]
[Site "Wroclaw"]
[Date "1899-12-30"]
[Round "9.25"]
[White "Malik, Maciej"]
[Black "Malinowski, Szymon"]
[Result "0-1"]
[WhiteTitle "I++"]
[BlackTitle "I"]
[WhiteElo "1984"]
[BlackElo "1824"]

1. e4 c5 2. d4 cxd4 3. c3 dxc3 4. Nxc3 Nc6 5. Bc4 e6 6. Nf3 d6 7. O-O Be7 8. Bf4
Nf6 9. Qe2 e5 10. Be3 O-O 11. Rfd1 a6 12. Bb3 Be6 13. Bxe6 fxe6 14. Qc4 Qc8 15.
Qb3 b5 16. Rac1 Qd7 17. Bg5 Kf7 18. Bxf6 gxf6 19. Ne2 Rac8 20. Qe3 Kg7 21. Ng3
Rg8 22. Nh5+ Kh8 23. Rc3 d5 24. exd5 exd5 25. Rxc6 Qxc6 26. Nxe5 Qe8 27. Ng3 Bc5
28. Qd2 Qxe5 29. Re1 Qd4 30. Qe2 Rce8 31. Qxe8 Qxf2+ 32. Kh1 Rxe8 0-1

[Event "Druzynowe Mistrzostw Polski Juniorow - II Liga"]
[Site "Wroclaw"]
[Date "1899-12-30"]
[Round "9.26"]
[White "Trzebinski, Patryk"]
[Black "Kotowicz, Kamil"]
[Result "0-1"]
[WhiteTitle "I++"]
[BlackTitle "I"]
[WhiteElo "1782"]
[BlackElo "1770"]

1. e4 c6 2. d4 d5 3. e5 Bf5 4. Nc3 e6 5. g4 Bg6 6. Nge2 h6 7. Be3 Nd7 8. h4 Be7
9. h5 Bh7 10. Qd2 Bg5 11. O-O-O Bxe3 12. Qxe3 Ne7 13. f4 Qc7 14. Ng3 O-O-O 15.
Bd3 Bxd3 16. cxd3 Kb8 17. Kb1 b5 18. Rc1 Qb6 19. f5 Kb7 20. Rhf1 Rhf8 21. Nce2
exf5 22. Nxf5 Nxf5 23. gxf5 Rde8 24. Rg1 Rxe5 25. Qf3 Re7 26. Rxg7 Rfe8 27. Rc2
Nf6 28. Nc1 Qxd4 29. Nb3 Qb6 30. a3 a5 31. Nc5+ Ka8 32. b3 Rc7 33. Rg1 Rce7 34.
Qg3 Qc7 35. Qxc7 Rxc7 36. Na6 Rcc8 37. b4 a4 38. Rg7 Re7 39. d4 Kb7 40. Nc5+ Kb6
41. Nd3 Nxh5 42. Rh7 Nf6 43. Rxh6 Nd7 44. Nf4 Kb7 45. Rd6 Nb6 46. Rf6 Nc4 47.
Rc3 Rh8 48. Rh3 Rxh3 49. Nxh3 Nxa3+ 50. Ka2 Nc2 51. Ng5 Nxb4+ 52. Kb2 Re2+ 53.
Kb1 a3 54. Rxf7+ Kb6 55. Nf3 a2+ 56. Ka1 Rf2 57. Ne1 Re2 58. Nf3 Rc2 0-1

[Event "Druzynowe Mistrzostw Polski Juniorow - II Liga"]
[Site "Wroclaw"]
[Date "1899-12-30"]
[Round "9.27"]
[White "Tim, Wojciech"]
[Black "Wons, Krystian"]
[Result "1-0"]
[WhiteTitle "II"]
[BlackTitle "II"]
[WhiteElo "1300"]
[BlackElo "1138"]

1. e4 c5 2. f4 Nc6 3. Nc3 e6 4. Nf3 d5 5. Bb5 Nf6 6. Qe2 Be7 7. d3 O-O 8. Bxc6
bxc6 9. O-O Ba6 10. Re1 Re8 11. h3 c4 12. d4 c5 13. e5 Nd7 14. Be3 cxd4 15. Nxd4
Bc5 16. Qf2 Rc8 17. g4 f6 18. exf6 Nxf6 19. Nxe6 Bxe3 20. Qxe3 Qd6 21. Rad1 Rc6
22. f5 Bc8 23. Nb5 Qb8 24. Nbd4 Rb6 25. b3 cxb3 26. axb3 Ne4 27. c4 Bxe6 28. fxe6
Nc5 29. cxd5 Nxb3 30. Nxb3 Rxb3 31. Rd3 Rb2 32. Qe5 Qb5 33. Red1 Qc5+ 34. Qd4
Qb5 35. d6 Qb8 36. Qd5 Kh8 37. Qe5 Qb7 38. Qd5 Qb8 39. R1d2 Rb1+ 40. Kg2 Qb6 41.
Rf2 1-0

[Event "Druzynowe Mistrzostw Polski Juniorow - II Liga"]
[Site "Wroclaw"]
[Date "1899-12-30"]
[Round "9.28"]
[White "Zalewski, Witold"]
[Black "Balon, Adam"]
[Result "1/2-1/2"]
[WhiteTitle "II"]
[BlackTitle "II"]
[WhiteElo "1231"]
[BlackElo "1179"]

1. Nf3 e6 2. d4 d5 3. e3 Nf6 4. c4 c5 5. Nc3 Nc6 6. Bd3 dxc4 7. Bxc4 cxd4 8. exd4
Bb4 9. O-O Bxc3 10. bxc3 Qa5 11. Qc2 b5 12. Bb3 Bb7 13. Re1 Rc8 14. Qe2 O-O 15.
Bg5 Nd5 16. Bxd5 exd5 17. Bd2 Nd8 18. c4 Qa4 19. c5 Ne6 20. Bc3 b4 21. Bb2 Rfe8
22. Qd2 Ba6 23. h4 Bc4 24. a3 b3 25. g4 Nf8 26. h5 Qd7 27. Qf4 f6 28. Nh4 Ne6
29. Qg3 Ng5 30. f3 Rxe1+ 31. Rxe1 Re8 32. Kg2 Re2+ 33. Rxe2 Bxe2 34. Qb8+ Kf7
35. Kf2 Bc4 36. Nf5 g6 37. Nd6+ Kg7 38. hxg6 hxg6 39. Ne8+ Kf7 40. Nd6+ Kg7 41.
Qb7 Qxb7 42. Nxb7 Bb5 43. Nd6 Bc6 44. Ke3 Kf8 45. f4 Ne4 46. Nxe4 dxe4 47. Bc1
Ke7 48. Kd2 a5 49. Kc3 Ke6 50. Kd2 Kd5 51. Kc3 f5 52. g5 a4 53. Be3 Bb5 54. Bc1
Bc6 55. Be3 Bd7 56. Bc1 Bb5 57. Be3 Bc6 1/2-1/2

[Event "Druzynowe Mistrzostw Polski Juniorow - II Liga"]
[Site "Wroclaw"]
[Date "1899-12-30"]
[Round "9.29"]
[White "Tim, Anna"]
[Black "Skolska, Emilia"]
[Result "0-1"]
[WhiteTitle "I"]
[BlackTitle "I++"]
[WhiteElo "1159"]
[BlackElo "1517"]

1. d4 Nf6 2. c4 e5 3. d5 Bc5 4. e3 d6 5. Nc3 a5 6. a3 O-O 7. Bd3 Ne8 8. Nf3 f5
9. e4 f4 10. h3 Bd7 11. Qc2 a4 12. Bd2 g5 13. O-O-O Qf6 14. Rdf1 Rf7 15. Be1 Rg7
16. g3 Qf7 17. Bd2 Nf6 18. gxf4 gxf4 19. Nh4 Qh5 20. Nf5 Rg2 21. f3 Be3 22. Be2
Bxd2+ 23. Qxd2 Bxf5 24. exf5 Qxf5 25. Rfg1 Rxg1+ 26. Rxg1+ Kf7 27. Bf1 Nbd7 28.
Nb5 Nc5 29. Qc2 Nb3+ 30. Kd1 Qh5 31. Qd3 e4 32. Qe2 Re8 33. Bg2 e3 34. Nxc7 Re5
35. Ne6 Nxd5 36. cxd5 Rxd5+ 0-1

[Event "Druzynowe Mistrzostw Polski Juniorow - II Liga"]
[Site "Wroclaw"]
[Date "1899-12-30"]
[Round "9.30"]
[White "Kaczmarek, Paulina"]
[Black "Nieckarz, Maja"]
[Result "0-1"]
[WhiteTitle "I"]
[BlackTitle "I"]
[WhiteElo "1092"]
[BlackElo "1432"]

1. e4 c5 2. Nf3 d6 3. d4 cxd4 4. Nxd4 Nf6 5. Nc3 g6 6. Be3 Bg7 7. f3 Nc6 8. Bc4
Bd7 9. Qd2 O-O 10. O-O-O Nxd4 11. Bxd4 Qa5 12. g4 Rfc8 13. Bb3 b5 14. Kb1 b4 15.
Nd5 Nxd5 16. Bxd5 Rab8 17. Bxg7 Kxg7 18. h4 h6 19. h5 g5 20. f4 f6 21. fxg5 fxg5
22. Rdf1 Rf8 23. e5 e6 24. Bb3 Rxf1+ 25. Rxf1 Qxe5 26. Re1 Qg3 27. Bxe6 Bxe6 28.
Rxe6 Qxg4 29. Rxd6 Qg1+ 30. Qd1 Qxd1+ 31. Rxd1 Rb6 32. Rd7+ Kf6 33. Kc1 g4 34.
Kd2 Re6 35. Rd5 Re4 36. Kd3 Re1 37. Kd2 Ra1 38. Rd4 Kg5 39. Ke2 Rxa2 40. Rxb4
Kxh5 41. c4 a5 42. Rb5+ Kh4 43. c5 Ra1 44. Kf2 g3+ 45. Kg2 Rc1 46. Rxa5 Rc2+ 47.
Kg1 Kh3 48. Ra1 Rxc5 49. b4 Rb5 50. Rb1 h5 51. Rb2 h4 52. Rb1 Kg4 53. Rb2 h3 54.
Rb3 Rf5 55. Rb1 h2+ 56. Kg2 Rf2+ 57. Kh1 Kh3 58. Kg1 0-1